00361nam a2200133Ia 4500008004100000082001600041100003300057245005500090250000800145260002800153300000800181500002400189650001400213230524s9999 xx 000 0 und d a658.45bHAY aADB (Asian Development Bank) 0a"Agriculture, Food Security and Rural Development" aIST aNEW DELHIbOxfordc2010 a345 aQuantity Number: 2 aEconomics